00759 2200265 4500001002100000005001700021008004100038020002200079035002400101040001200125041000800137082001700145084001700162090001900179100002500198245009600223260003300319300003300352650001700385650001500402710002800417850001200445990001800457990001800475INLIS00000000003109620170920140817.0  a978-602-1380-50-5 0010-091700000000464 aYOPDYOG0 aind042[23]a153.93 a153.93 Ser B aQ 153.93 Ser B0 aSERUNI GERRI NIRWANA1 aBuku pintar psikotes super lengkapc/ Seruni Gerri Nirwana; editor, Tim Editor Dunia Cerdas aJakartabDunia Cerdasc[s.a] avii, 340 hlm.c; 28 cm.e+CD 4aUjian Mental 4aPsikometri aTim Editor Dunia Cerdas aYOPDYOG a57156-PD/A.17 a57157-PD/A.17